Les personnages de Grand Theft Auto IV - Statistiques

Statistiques générales
  • Ce quiz a été pris 19 fois
  • Le résultat moyen est 11 sur 35
Statistiques - réponses
Réponse % Correct
Niko Bellic
100%
Roman Bellic
80%
Derrick McReary
47%
Francis McReary
47%
Jimmy Pegorino
47%
Playboy X
47%
Johnny Klebitz
40%
Kate McReary
40%
Little Jacob
40%
Michelle / Karen
40%
Ray Boccino
40%
Brucie Kibbutz
33%
Dwayne Forge
33%
Elizabeta Torres
33%
Luis Lopez
33%
Mallorie Bardas
33%
Manny Escuela
33%
Mikhail Faustin
33%
Packie McReary
33%
Darko Brevic
27%
Florian Kravic / Bernie Crane
27%
Gerry McReary
27%
Phil Bell
27%
Ray Bulgarin
27%
Tony Prince
27%
U.L Paper
27%
Vladimir Glebov
27%
Dmitri Rascalov
13%
Gracie Ancelotti
13%
Jim Fitzgerald
13%
Jon Gravelli
13%
Real Badman
13%
Anthony Corrado
7%
Bledar Morina
7%
Michael Keane
7%
Aucun quiz correspondant
Distribution des résultats
% des personnes avec chaque résultat
Percentile par nombre de réponses
Votre historique - résultats
Vous n’avez pas pris ce quiz